Word Ladder: Ozzy's Double Feature Quiz Stats

 Plays Quiz Updated Oct 10, 2017

Score 0/28 Timer 02:00
1 Play Today
% Correct
BART
98.2%
«BARK»
97.6%
PART
93.1%
PORT
91.8%
SOOT
91.7%
EX
90.6%
SHE
89.8%
SORT
88.6%
SHY
86.2%
«MOON»
84.1%
TOY
83.7%
«THE»
81.8%
«THE»
81.8%
DOOR
79.3%
% Correct
SOY
78.9%
MOOR
76.1%
«DARK»
75.3%
ET
75%
DORK
71.7%
TOE
70.4%
OX
67.4%
DOOM
66.7%
«AT»
66%
DORM
65.4%
«IN»
56.9%
«SHOT»
53.2%
OF
46.7%
IF
45.3%

Today's Daily Dose

You're not logged in!

Compare scores with friends on all Sporcle quizzes.
OR
Log In

You Might Also Like...

Show Comments

Extras

Top Quizzes Today


Score Distribution

Your Account Isn't Verified!

In order to create a playlist on Sporcle, you need to verify the email address you used during registration. Go to your Sporcle Settings to finish the process.

Report this User

Report this user for behavior that violates our Community Guidelines.

Details: